Score 0/25 Timer 05:00
0 Plays Today
% Correct
Isaiah Prayer
92.3%
Cal Q. Luss
92.3%
Pepé Roni
91.7%
Tim Burr
90.9%
Lou Tennant
89.6%
Costa Buck
89.4%
Sela House
89.2%
Rhoda Booke
89.1%
Seymour Kleerly
88.5%
I. Will Yankum
88%
Les Eaton
87.8%
Rex Carr
87.4%
Cass Kitt
87.3%
% Correct
Dinah Sorr
87.3%
Duane DeSink
86.6%
Landon Plains
85.7%
Angie O. Graham
85.1%
Lynn Gweeney
84.9%
Ali Mooney
84.5%
Russell Cattel
79.9%
Jim Shue
78.2%
E.I.E.I. Owen
78.2%
Belle E. Flopps
76.1%
Barry Schmelly
74.2%
I.M. Baer
72.8%
Remove Ads.
Support Sporcle.
Get the best of Sporcle when you Go Orange. This ad-free experience offers more features, more stats, and more fun while also helping to support Sporcle. Thank you for becoming a member.

You're not logged in!

Compare scores with friends on all Sporcle quizzes.
OR
Log In

Show Comments

Extras

Top Quizzes Today


Score Distribution

Your Account Isn't Verified!

In order to create a playlist on Sporcle, you need to verify the email address you used during registration. Go to your Sporcle Settings to finish the process.

Report this User

Report this user for behavior that violates our Community Guidelines.

Details: